000 00795nam a2200229Ia 4500
008 191130s2004##################000#0#eng##
020 _a9780521835619
040 _aACL
_cACL
082 _a338.922 DOW
245 _aEconomic growth and macroeconomic dynamics : recent developments in economic theory
_cedited by Steve Dowrick, Rohan Pitchford, Stephen J. Turnovsky
260 _aCambridge
_bCambridge University Press
_c2004
300 _axv, 183 p. : ill. ; 24 cm
500 _aIncludes bibliographical references and index
650 _aEconomic development
650 _aEconomics
650 _aMacroeconomics
650 _aStatics and dynamics (Social sciences)
700 _aDowrick, Steve
990 _ab9d9f053ac10000c08fec4c30d9f6367
991 _a228508
999 _c156222
_d156222